Sports Quiz

Random Sports or Soccer Quiz

Шахтар - Динамо Quiz Stats

 Plays Quiz not verified by Sporcle

Support Sporcle.
Go Orange.
Score 0/20 Timer 03:00
0 Plays Today
Question Answer Wrong Answers
Мігель Велозу ???
94.1%
???
2%
???
2.7%
???
1.1%
Лукман Аруна ???
89.5%
???
4.3%
???
0.7%
???
5.2%
Брандао ???
89.2%
???
8%
???
1%
???
0.4%
Юрій Вірт ???
88.7%
???
3.1%
???
5.5%
???
2.3%
Роман Зозуля ???
86.4%
???
2.3%
???
2.7%
???
8.3%
Олександр Рибка ???
84.7%
???
4.4%
???
10.5%
???
0.4%
Сергій Ребров ???
84.5%
???
1.4%
???
14%
???
0%
Марко Девич ???
79.4%
???
4.5%
???
7.7%
???
8.4%
Яя Туре ???
75.2%
???
18.7%
???
4.9%
???
1%
Олександр Гладкий ???
74.9%
???
21.3%
???
3%
???
0.6%
Сергій Назаренко ???
74.8%
???
9.9%
???
11.9%
???
3%
Роберто Нанні ???
65.1%
???
11.4%
???
1%
???
22.2%
Євген Селін ???
63.7%
???
19%
???
7%
???
8%
Денис Кулаков ???
51.6%
???
9%
???
4.1%
???
34.3%
Сергій Нагорняк ???
49%
???
17.7%
???
10.5%
???
21.7%
Віктор Чанов ???
46.7%
???
12.5%
???
38.9%
???
1.7%
Валерій Лобановський ???
42.5%
???
3.1%
???
52.2%
???
2.2%
Олег Шелаєв ???
35.5%
???
13%
???
2.5%
???
48.4%
Володимир Єзерський ???
31.1%
???
49%
???
11.7%
???
7.5%
Андрій Канчельскіс ???
20.8%
???
38.6%
???
25.1%
???
14.2%

You're not logged in!

Compare scores with friends on all Sporcle quizzes.
OR
Log In

From the Vault

Curious Consonant Combos

by Scuadrado

Sometimes it seems like the English language plays it a little too fast and loose with the letter 'H'.
Remove Ads.
Support Sporcle.
Get the best of Sporcle when you Go Orange. This ad-free experience offers more features, more stats, and more fun while also helping to support Sporcle. Thank you for becoming a member.

Show Comments

Extras

Created Apr 17, 2021ReportNominate
Tags:Soccer Quiz

Top Quizzes Today


Score Distribution

Your Account Isn't Verified!

In order to create a playlist on Sporcle, you need to verify the email address you used during registration. Go to your Sporcle Settings to finish the process.

Report this User

Report this user for behavior that violates our Community Guidelines.

Details: